[Event "DEM U10w 2023"]
[Site "Willingen GER"]
[Date "2023.05.31"]
[Round "6"]
[White "Lange, Lene Marie"]
[Black "Guruprasad, Aditi"]
[Result "1/2-1/2"]
[Termination "normal"]
[Board "11"]
[WhiteElo "1168"]
[BlackElo "893"]
[WhiteClock "00:19:11"]
[BlackClock "00:18:28"]
[PlyCount "54"]
[WhiteFideId "34639748"]
[EventCountry "GER"]
[EventRounds "11"]
[EventType "swiss"]
[EventDate "2023.05.27"]

1. e4 {[%clk 01:15:57]} {[%emt 00:00:02]} e5 {[%clk 01:15:53]} {[%emt
00:00:08]} 2. Nf3 {[%clk 01:16:15]} {[%emt 00:00:11]} Nc6 {[%clk 01:15:42]}
{[%emt 00:00:42]} 3. Bc4 {[%clk 01:15:26]} {[%emt 00:01:17]} Bc5 {[%clk
01:14:31]} {[%emt 00:01:43]} 4. Nc3 {[%clk 01:12:29]} {[%emt 00:03:26]} Nf6
{[%clk 01:12:02]} {[%emt 00:03:00]} 5. O-O {[%clk 01:09:45]} {[%emt 00:03:13]}
h6 {[%clk 01:09:32]} {[%emt 00:03:00]} 6. d3 {[%clk 01:07:28]} {[%emt
00:02:46]} O-O {[%clk 01:06:37]} {[%emt 00:03:27]} 7. Be3 {[%clk 01:02:59]}
{[%emt 00:04:58]} Bb6 {[%clk 01:02:50]} {[%emt 00:04:18]} 8. Qd2 {[%clk
00:57:51]} {[%emt 00:05:37]} Bxe3 {[%clk 00:57:10]} {[%emt 00:06:12]} 9. fxe3
{[%clk 00:56:53]} {[%emt 00:01:27]} d6 {[%clk 00:51:13]} {[%emt 00:06:26]} 10.
d4 {[%clk 00:47:30]} {[%emt 00:09:54]} exd4 {[%clk 00:47:48]} {[%emt 00:03:54]}
11. exd4 {[%clk 00:45:30]} {[%emt 00:02:31]} Re8 {[%clk 00:41:53]} {[%emt
00:06:25]} 12. Rfe1 {[%clk 00:40:29]} {[%emt 00:05:31]} Na5 {[%clk 00:35:37]}
{[%emt 00:06:47]} 13. Bd3 {[%clk 00:36:44]} {[%emt 00:04:12]} Nc6 {[%emt
00:09:15]} 14. d5 {[%clk 00:31:03]} Nb4 {[%clk 00:32:25]} {[%emt 00:01:10]} 15.
a3 {[%clk 00:29:05]} {[%emt 00:02:29]} Nxd3 {[%clk 00:32:43]} {[%emt 00:00:12]}
16. Qxd3 {[%clk 00:29:21]} {[%emt 00:00:13]} Bg4 {[%clk 00:32:13]} {[%emt
00:01:00]} 17. h3 {[%clk 00:29:36]} {[%emt 00:00:13]} Bxf3 {[%clk 00:32:33]}
{[%emt 00:00:13]} 18. Qxf3 {[%clk 00:29:55]} {[%emt 00:00:11]} Re5 {[%clk
00:29:17]} {[%emt 00:03:29]} 19. Rad1 {[%clk 00:26:57]} {[%emt 00:03:39]} Qe7
{[%clk 00:27:32]} {[%emt 00:02:19]} 20. Re3 {[%clk 00:24:18]} {[%emt 00:03:08]}
Re8 {[%clk 00:26:23]} {[%emt 00:01:42]} 21. Rde1 {[%clk 00:24:33]} {[%emt
00:00:14]} c6 {[%clk 00:26:12]} {[%emt 00:00:41]} 22. dxc6 {[%clk 00:24:30]}
{[%emt 00:00:34]} bxc6 {[%clk 00:26:23]} {[%emt 00:00:19]} 23. Kf2 {[%clk
00:24:10]} {[%emt 00:00:31]} g5 {[%clk 00:22:11]} {[%emt 00:04:59]} 24. Qe2
{[%clk 00:22:45]} {[%emt 00:01:54]} h5 {[%clk 00:19:11]} {[%emt 00:04:56]} 25.
g4 {[%clk 00:21:55]} {[%emt 00:01:20]} hxg4 {[%clk 00:18:53]} {[%emt 00:00:49]}
26. hxg4 {[%clk 00:22:15]} {[%emt 00:00:09]} Qe6 {[%clk 00:18:44]} {[%emt
00:00:37]} 27. Kg3 {[%clk 00:19:11]} {[%emt 00:03:30]} d5 {[%clk 00:18:28]}
{[%emt 00:00:51]} 1/2-1/2

[Event "DEM U10w 2023"]
[Site "Willingen GER"]
[Date "2023.05.31"]
[Round "6"]
[White "Birkenheier, Larissa"]
[Black "Kryvak, Mariia"]
[Result "1-0"]
[Termination "normal"]
[Board "12"]
[WhiteElo "1210"]
[BlackElo "1083"]
[WhiteClock "00:19:18"]
[BlackClock "01:14:42"]
[PlyCount "61"]
[WhiteFideId "34626379"]
[BlackFideId "34164413"]
[EventCountry "GER"]
[EventRounds "11"]
[EventType "swiss"]
[EventDate "2023.05.27"]

1. e4 {[%clk 01:15:56]} {[%emt 00:00:03]} e5 {[%clk 01:15:58]} {[%emt
00:00:03]} 2. Nf3 {[%clk 01:16:16]} {[%emt 00:00:09]} Nc6 {[%clk 01:16:23]}
{[%emt 00:00:05]} 3. Bc4 {[%clk 01:15:59]} {[%emt 00:00:47]} Nf6 {[%clk
01:16:41]} 4. d3 {[%clk 01:16:02]} {[%emt 00:00:39]} d5 {[%clk 01:16:56]} 5.
exd5 {[%clk 01:14:49]} {[%emt 00:01:59]} Nxd5 {[%clk 01:17:06]} {[%emt
00:00:20]} 6. O-O {[%clk 01:11:51]} {[%emt 00:03:27]} Be6 {[%clk 01:17:18]}
{[%emt 00:00:18]} 7. Re1 {[%clk 01:08:37]} {[%emt 00:03:45]} Bd6 {[%clk
01:17:40]} {[%emt 00:00:08]} 8. c3 {[%clk 01:06:35]} {[%emt 00:02:31]} O-O
{[%clk 01:17:50]} {[%emt 00:00:20]} 9. Bb3 {[%clk 01:05:31]} {[%emt 00:01:34]}
Qf6 {[%clk 01:17:34]} {[%emt 00:00:46]} 10. Bc2 {[%clk 01:01:48]} {[%emt
00:04:13]} a6 {[%clk 01:17:14]} {[%emt 00:00:51]} 11. Bg5 {[%clk 01:00:35]}
{[%emt 00:01:42]} Qg6 {[%clk 01:17:19]} {[%emt 00:00:26]} 12. d4 {[%clk
00:59:41]} {[%emt 00:01:24]} Bf5 {[%clk 01:17:42]} {[%emt 00:00:06]} 13. Bxf5
{[%clk 00:57:32]} {[%emt 00:02:39]} Qxf5 {[%clk 01:18:02]} {[%emt 00:00:11]}
14. dxe5 {[%clk 00:54:24]} {[%emt 00:03:37]} Nxe5 {[%clk 01:18:02]} {[%emt
00:00:30]} 15. Nbd2 {[%clk 00:49:12]} {[%emt 00:05:42]} Nd3 {[%clk 01:17:26]}
{[%emt 00:01:06]} 16. Qc2 {[%clk 00:46:26]} {[%emt 00:03:15]} h6 {[%clk
01:17:00]} {[%emt 00:00:57]} 17. Bh4 {[%clk 00:44:18]} {[%emt 00:02:38]} Rfe8
{[%clk 01:16:39]} {[%emt 00:00:51]} 18. Bg3 {[%clk 00:41:23]} {[%emt 00:03:24]}
N5f4 {[%clk 01:16:42]} {[%emt 00:00:29]} 19. Nc4 {[%clk 00:36:13]} {[%emt
00:05:38]} Rxe1+ {[%clk 01:16:32]} {[%emt 00:00:41]} 20. Rxe1 {[%clk 00:36:02]}
{[%emt 00:00:40]} Bc5 {[%clk 01:16:28]} {[%emt 00:00:35]} 21. Rd1 {[%clk
00:32:11]} {[%emt 00:04:21]} b5 {[%clk 01:15:50]} {[%emt 00:01:08]} 22. Nce5
{[%clk 00:30:15]} {[%emt 00:02:25]} f6 {[%clk 01:15:50]} {[%emt 00:00:31]} 23.
Nxd3 {[%clk 00:29:19]} {[%emt 00:01:26]} Rd8 {[%clk 01:15:30]} {[%emt
00:00:50]} 24. Bxf4 {[%clk 00:26:30]} {[%emt 00:03:19]} Bb6 {[%clk 01:15:19]}
{[%emt 00:00:41]} 25. Qe2 {[%clk 00:25:28]} {[%emt 00:01:31]} c5 {[%clk
01:14:54]} {[%emt 00:00:56]} 26. Bg3 {[%clk 00:22:16]} {[%emt 00:03:41]} c4
{[%clk 01:15:15]} {[%emt 00:00:10]} 27. Nb4 {[%clk 00:21:48]} {[%emt 00:00:58]}
Rxd1+ {[%clk 01:15:24]} {[%emt 00:00:21]} 28. Qxd1 {[%clk 00:22:08]} {[%emt
00:00:10]} Qe6 {[%clk 01:15:27]} {[%emt 00:00:27]} 29. h4 {[%clk 00:21:12]}
{[%emt 00:01:26]} a5 {[%clk 01:14:32]} {[%emt 00:01:26]} 30. Nd5 {[%clk
00:19:51]} {[%emt 00:01:49]} Qd7 {[%clk 01:14:42]} {[%emt 00:00:21]} 31. Nxf6+
{[%clk 00:19:18]} {[%emt 00:00:32]} 1-0

[Event "DEM U10w 2023"]
[Site "Willingen GER"]
[Date "2023.05.31"]
[Round "6"]
[White "Ruddat, Maila"]
[Black "Gubler, Sarah"]
[Result "1-0"]
[Termination "normal"]
[Board "13"]
[WhiteElo "1024"]
[BlackElo "1139"]
[WhiteClock "01:14:17"]
[BlackClock "01:13:26"]
[PlyCount "99"]
[WhiteFideId "34628100"]
[EventCountry "GER"]
[EventRounds "11"]
[EventType "swiss"]
[EventDate "2023.05.27"]

1. e4 {[%clk 01:15:57]} {[%emt 00:00:03]} e5 {[%clk 01:15:51]} {[%emt
00:00:09]} 2. Nf3 {[%clk 01:16:18]} {[%emt 00:00:08]} Nc6 {[%clk 01:16:12]}
{[%emt 00:00:10]} 3. d4 {[%clk 01:16:02]} {[%emt 00:00:46]} exd4 {[%clk
01:16:33]} {[%emt 00:00:09]} 4. Bc4 {[%clk 01:15:39]} {[%emt 00:00:52]} Nf6
{[%clk 01:16:13]} {[%emt 00:00:50]} 5. O-O {[%clk 01:15:29]} {[%emt 00:00:40]}
Bc5 {[%clk 01:14:52]} {[%emt 00:01:48]} 6. e5 {[%clk 01:14:56]} {[%emt
00:01:05]} d5 {[%clk 01:14:33]} {[%emt 00:00:49]} 7. exf6 {[%clk 01:15:11]}
{[%emt 00:00:16]} dxc4 {[%clk 01:14:34]} {[%emt 00:00:29]} 8. Re1+ {[%clk
01:15:05]} {[%emt 00:00:36]} Be6 {[%clk 01:14:44]} {[%emt 00:00:20]} 9. Ng5
{[%clk 01:14:06]} {[%emt 00:01:28]} Qxf6 {[%clk 01:14:07]} {[%emt 00:01:07]}
10. Nxe6 {[%clk 01:13:54]} {[%emt 00:00:43]} fxe6 {[%clk 01:14:14]} {[%emt
00:00:23]} 11. Qh5+ {[%clk 01:13:32]} {[%emt 00:00:51]} g6 {[%clk 01:13:53]}
{[%emt 00:00:52]} 12. Qxc5 {[%clk 01:13:38]} {[%emt 00:00:24]} Rf8 {[%clk
01:13:40]} {[%emt 00:00:44]} 13. Rf1 {[%clk 01:13:43]} {[%emt 00:00:25]} d3
{[%clk 01:12:35]} {[%emt 00:01:35]} 14. Qxc4 {[%clk 01:12:25]} {[%emt
00:01:48]} d2 {[%clk 01:12:03]} {[%emt 00:01:02]} 15. Nxd2 {[%clk 01:11:17]}
{[%emt 00:01:38]} Ne5 {[%clk 01:11:37]} {[%emt 00:00:55]} 16. Qxc7 {[%clk
01:10:58]} {[%emt 00:00:50]} Ng4 {[%clk 01:11:21]} {[%emt 00:00:45]} 17. Nf3
{[%clk 01:10:54]} {[%emt 00:00:35]} Rd8 {[%clk 01:10:30]} {[%emt 00:01:10]} 18.
Bg5 {[%clk 01:10:50]} {[%emt 00:00:45]} Rd7 {[%clk 01:10:17]} {[%emt 00:00:41]}
19. Qxd7+ {[%clk 01:10:51]} {[%emt 00:00:30]} Kxd7 {[%clk 01:10:35]} {[%emt
00:00:12]} 20. Bxf6 {[%clk 01:11:09]} {[%emt 00:00:10]} Nxf6 {[%clk 01:10:52]}
{[%emt 00:00:15]} 21. Rad1+ {[%clk 01:11:07]} {[%emt 00:00:32]} Kc6 {[%clk
01:10:55]} {[%emt 00:00:27]} 22. Ne5+ {[%clk 01:11:00]} {[%emt 00:00:37]} Kb5
{[%clk 01:10:47]} {[%emt 00:00:38]} 23. Nd7 {[%clk 01:11:02]} {[%emt 00:00:28]}
Nxd7 {[%clk 01:09:39]} {[%emt 00:01:38]} 24. Rxd7 {[%clk 01:11:22]} {[%emt
00:00:09]} Rc8 {[%clk 01:09:52]} {[%emt 00:00:17]} 25. c3 {[%clk 01:11:30]}
{[%emt 00:00:24]} h5 {[%clk 01:09:50]} {[%emt 00:00:32]} 26. Rxb7+ {[%clk
01:11:43]} {[%emt 00:00:17]} Ka6 {[%clk 01:10:08]} {[%emt 00:00:10]} 27. Rg7
{[%clk 01:11:53]} {[%emt 00:00:22]} Rb8 {[%clk 01:10:16]} {[%emt 00:00:22]} 28.
b3 {[%clk 01:12:01]} {[%emt 00:00:22]} h4 {[%emt 00:00:31]} 29. Rxg6 {[%emt
00:00:09]} h3 {[%clk 01:09:56]} {[%emt 00:00:11]} 30. Rxe6+ {[%clk 01:12:14]}
{[%emt 00:00:17]} Ka5 {[%clk 01:10:15]} {[%emt 00:00:11]} 31. f4 {[%clk
01:12:09]} {[%emt 00:00:35]} hxg2 {[%clk 01:10:10]} {[%emt 00:00:35]} 32. Kxg2
{[%clk 01:12:31]} {[%emt 00:00:08]} Rg8+ {[%clk 01:10:27]} {[%emt 00:00:13]}
33. Kh1 {[%clk 01:12:32]} {[%emt 00:00:29]} Rd8 {[%clk 01:10:18]} {[%emt
00:00:39]} 34. f5 {[%clk 01:12:44]} {[%emt 00:00:19]} Rd2 {[%clk 01:10:30]}
{[%emt 00:00:19]} 35. Ra1 {[%clk 01:12:57]} {[%emt 00:00:17]} Rf2 {[%clk
01:10:40]} {[%emt 00:00:20]} 36. f6 {[%clk 01:13:05]} {[%emt 00:00:23]} Rf3
{[%clk 01:10:40]} {[%emt 00:00:29]} 37. Kg1 {[%clk 01:12:44]} {[%emt 00:00:51]}
Kb5 {[%clk 01:10:56]} {[%emt 00:00:16]} 38. Rf1 {[%clk 01:13:01]} {[%emt
00:00:12]} Rxf1+ {[%clk 01:10:53]} {[%emt 00:00:31]} 39. Kxf1 {[%clk 01:13:21]}
{[%emt 00:00:11]} Kc5 {[%clk 01:11:14]} {[%emt 00:00:10]} 40. f7 {[%clk
01:13:36]} {[%emt 00:00:14]} Kd5 {[%clk 01:11:37]} {[%emt 00:00:08]} 41. Ra6
{[%clk 01:13:08]} {[%emt 00:00:58]} Kc5 {[%clk 01:11:13]} {[%emt 00:00:16]} 42.
f8=Q+ {[%emt 00:00:55]} Kb5 {[%clk 01:11:31]} {[%emt 00:00:09]} 43. Rxa7 {[%clk
01:13:07]} {[%emt 00:00:46]} Kb6 {[%clk 01:11:50]} {[%emt 00:00:12]} 44. Qb8+
{[%clk 01:13:13]} {[%emt 00:00:24]} Kc6 {[%clk 01:11:40]} {[%emt 00:00:41]} 45.
Rc7+ {[%clk 01:13:32]} {[%emt 00:00:12]} Kd6 {[%clk 01:12:03]} {[%emt
00:00:07]} 46. Qd8+ {[%clk 01:13:47]} {[%emt 00:00:15]} Ke6 {[%clk 01:12:22]}
{[%emt 00:00:10]} 47. Re7+ {[%clk 01:14:06]} {[%emt 00:00:11]} Kf5 {[%clk
01:12:41]} {[%emt 00:00:11]} 48. Qf8+ {[%clk 01:14:20]} {[%emt 00:00:16]} Kg4
{[%clk 01:13:03]} {[%emt 00:00:07]} 49. Rg7+ {[%clk 01:14:26]} {[%emt
00:00:25]} Kh3 {[%clk 01:13:26]} {[%emt 00:00:07]} 50. Qh8# {[%clk 01:14:17]}
{[%emt 00:00:07]} 1-0

[Event "DEM U10w 2023"]
[Site "Willingen GER"]
[Date "2023.05.31"]
[Round "6"]
[White "Lu, Sheng"]
[Black "Klymenko, Mariia"]
[Result "1-0"]
[Termination "normal"]
[Board "14"]
[WhiteElo "1227"]
[BlackElo "1039"]
[WhiteClock "00:58:35"]
[BlackClock "00:00:00"]
[PlyCount "114"]
[WhiteFideId "34628061"]
[BlackFideId "34620621"]
[EventCountry "GER"]
[EventRounds "11"]
[EventType "swiss"]
[EventDate "2023.05.27"]

1. e4 {[%clk 01:15:59]} e5 {[%clk 01:15:55]} {[%emt 00:00:05]} 2. Nf3 {[%clk
01:16:25]} {[%emt 00:00:05]} Nc6 {[%clk 01:16:19]} {[%emt 00:00:06]} 3. Bc4
{[%clk 01:16:50]} {[%emt 00:00:04]} d6 {[%clk 01:16:43]} {[%emt 00:00:05]} 4.
d4 {[%clk 01:16:58]} {[%emt 00:00:22]} exd4 {[%clk 01:17:01]} {[%emt 00:00:12]}
5. Nxd4 {[%clk 01:17:21]} {[%emt 00:00:08]} Nf6 {[%clk 01:17:25]} {[%emt
00:00:05]} 6. Nc3 {[%clk 01:17:42]} {[%emt 00:00:10]} Be7 {[%clk 01:17:41]}
{[%emt 00:00:14]} 7. O-O {[%clk 01:18:00]} {[%emt 00:00:12]} O-O {[%clk
01:17:58]} {[%emt 00:00:13]} 8. Bf4 {[%clk 01:18:11]} {[%emt 00:00:19]} Re8
{[%clk 01:17:37]} {[%emt 00:00:51]} 9. Re1 {[%clk 01:17:43]} {[%emt 00:00:58]}
Bd7 {[%clk 01:17:28]} {[%emt 00:00:38]} 10. Qd2 {[%clk 01:16:01]} {[%emt
00:02:13]} a6 {[%clk 01:17:38]} {[%emt 00:00:19]} 11. h3 {[%clk 01:14:41]}
{[%emt 00:01:51]} Nxd4 {[%clk 01:16:15]} {[%emt 00:01:52]} 12. Qxd4 {[%clk
01:14:56]} {[%emt 00:00:16]} Bc6 {[%clk 01:16:00]} {[%emt 00:00:45]} 13. Re3
{[%clk 01:13:18]} {[%emt 00:02:09]} Nxe4 {[%clk 01:08:27]} {[%emt 00:08:02]}
14. Nxe4 {[%clk 01:13:26]} {[%emt 00:00:22]} d5 {[%clk 01:08:43]} {[%emt
00:00:14]} 15. Bxd5 {[%clk 01:13:16]} {[%emt 00:00:41]} Qxd5 {[%clk 01:07:41]}
{[%emt 00:01:31]} 16. Qxd5 {[%clk 01:13:26]} {[%emt 00:00:20]} Bxd5 {[%clk
01:08:00]} {[%emt 00:00:11]} 17. Bxc7 {[%clk 01:13:38]} {[%emt 00:00:19]} Rac8
{[%clk 01:06:01]} {[%emt 00:02:28]} 18. Bb6 {[%clk 01:12:55]} {[%emt 00:01:14]}
Rxc2 {[%clk 01:04:46]} {[%emt 00:01:44]} 19. Nd6 {[%clk 01:11:11]} {[%emt
00:02:15]} Rb8 {[%clk 00:53:30]} {[%emt 00:11:45]} 20. Rxe7 {[%clk 01:10:42]}
{[%emt 00:01:01]} Kf8 {[%clk 00:48:22]} {[%emt 00:05:36]} 21. Rae1 {[%clk
01:09:11]} {[%emt 00:02:01]} Be6 {[%clk 00:47:42]} {[%emt 00:01:10]} 22. Rxb7
{[%clk 01:07:30]} {[%emt 00:02:12]} Rxb7 {[%clk 00:45:14]} {[%emt 00:02:59]}
23. Nxb7 {[%clk 01:07:46]} {[%emt 00:00:14]} Rxb2 {[%clk 00:44:34]} {[%emt
00:01:10]} 24. Bc5+ {[%clk 01:07:32]} {[%emt 00:00:44]} Ke8 {[%clk 00:44:18]}
{[%emt 00:00:42]} 25. Nd6+ {[%clk 01:06:21]} {[%emt 00:01:45]} Kd7 {[%clk
00:44:30]} {[%emt 00:00:19]} 26. Rd1 {[%clk 01:05:36]} {[%emt 00:01:14]} Kc6
{[%clk 00:43:42]} {[%emt 00:01:14]} 27. Ne4 {[%clk 01:04:12]} {[%emt 00:01:56]}
Bd5 {[%clk 00:40:04]} {[%emt 00:04:08]} 28. Rc1 {[%clk 01:02:35]} {[%emt
00:02:09]} Rxa2 {[%clk 00:36:13]} {[%emt 00:04:22]} 29. Bd4+ {[%clk 01:02:31]}
{[%emt 00:00:33]} Kd7 {[%clk 00:35:20]} {[%emt 00:01:07]} 30. Nc5+ {[%clk
01:02:02]} {[%emt 00:01:15]} Kd6 {[%clk 00:34:41]} {[%emt 00:01:00]} 31. Bxg7
{[%clk 01:01:42]} {[%emt 00:00:58]} a5 {[%clk 00:32:59]} {[%emt 00:02:13]} 32.
Bf8+ {[%clk 00:59:58]} {[%emt 00:02:14]} Ke5 {[%clk 00:31:09]} {[%emt
00:01:47]} 33. Nd7+ {[%clk 00:58:06]} {[%emt 00:02:55]} Ke6 {[%clk 00:26:40]}
{[%emt 00:04:56]} 34. Nb6 {[%clk 00:56:36]} {[%emt 00:02:03]} Bb7 {[%clk
00:22:30]} {[%emt 00:04:26]} 35. f3 {[%clk 00:54:23]} {[%emt 00:02:57]} a4
{[%clk 00:20:30]} {[%emt 00:02:30]} 36. Kf1 {[%clk 00:54:00]} {[%emt 00:00:54]}
Ba6+ {[%clk 00:19:53]} {[%emt 00:01:04]} 37. Kg1 {[%clk 00:53:17]} {[%emt
00:01:16]} Bb7 {[%clk 00:19:28]} {[%emt 00:00:50]} 38. Rc5 {[%clk 00:52:15]}
{[%emt 00:01:37]} a3 {[%clk 00:17:03]} {[%emt 00:02:54]} 39. Ra5 {[%clk
00:50:44]} {[%emt 00:02:02]} Ra1+ {[%clk 00:15:25]} {[%emt 00:02:07]} 40. Kf2
{[%clk 00:51:04]} {[%emt 00:00:09]} a2 {[%clk 00:09:51]} {[%emt 00:06:04]} 41.
Bb4 {[%clk 00:49:24]} {[%emt 00:02:07]} Rb1 {[%clk 00:07:59]} {[%emt 00:02:24]}
42. Bc3 {[%clk 00:48:26]} {[%emt 00:01:30]} Rxb6 {[%clk 00:07:34]} {[%emt
00:00:55]} 43. Rxa2 {[%clk 00:48:43]} {[%emt 00:00:13]} Rb3 {[%clk 00:05:43]}
{[%emt 00:02:17]} 44. Re2+ {[%clk 00:48:05]} {[%emt 00:01:12]} Kf5 {[%clk
00:03:38]} {[%emt 00:02:25]} 45. Re7 {[%clk 00:47:13]} {[%emt 00:01:33]} Kg6
{[%clk 00:12:48]} {[%emt 00:06:18]} 46. Ba1 {[%clk 01:01:31]} {[%emt 00:01:13]}
Rb1 {[%clk 00:12:10]} {[%emt 00:01:00]} 47. Bd4 {[%clk 01:00:44]} {[%emt
00:01:25]} Rd1 {[%clk 00:10:41]} {[%emt 00:01:44]} 48. Rxb7 {[%clk 01:00:41]}
{[%emt 00:00:49]} Rxd4 {[%clk 00:11:00]} {[%emt 00:00:10]} 49. g4 {[%clk
01:00:42]} {[%emt 00:00:29]} Rf4 {[%clk 00:10:20]} {[%emt 00:01:02]} 50. Kg3
{[%clk 01:00:54]} {[%emt 00:00:27]} Rf6 {[%clk 00:09:52]} {[%emt 00:00:33]} 51.
h4 {[%clk 01:00:06]} {[%emt 00:01:43]} h6 {[%clk 00:06:45]} {[%emt 00:03:37]}
52. h5+ {[%clk 01:00:02]} {[%emt 00:00:33]} Kg7 {[%clk 00:06:52]} {[%emt
00:00:16]} 53. f4 {[%clk 01:00:09]} {[%emt 00:00:31]} Kf8 {[%clk 00:04:20]}
{[%emt 00:02:56]} 54. Rb5 {[%clk 00:59:43]} {[%emt 00:01:01]} Rd6 {[%clk
00:04:02]} {[%emt 00:00:43]} 55. g5 {[%clk 00:59:31]} {[%emt 00:00:47]} Kg7
{[%clk 00:01:06]} {[%emt 00:03:24]} 56. Kg4 {[%clk 00:59:06]} {[%emt 00:00:57]}
Rd8 {[%clk 00:00:42]} {[%emt 00:00:50]} 57. Kf5 {[%clk 00:58:35]} {[%emt
00:01:05]} Rf8 {[%clk 00:00:00]} {[%emt 00:00:59]} 1-0

[Event "DEM U10w 2023"]
[Site "Willingen GER"]
[Date "2023.05.31"]
[Round "6"]
[White "Hendler, Felicitas"]
[Black "Börner, Martha"]
[Result "1-0"]
[Termination "normal"]
[Board "16"]
[WhiteElo "1049"]
[BlackElo "1086"]
[WhiteClock "01:05:39"]
[BlackClock "01:02:35"]
[PlyCount "69"]
[WhiteFideId "34616519"]
[BlackFideId "34665382"]
[EventCountry "GER"]
[EventRounds "11"]
[EventType "swiss"]
[EventDate "2023.05.27"]

1. e4 {[%clk 01:15:56]} {[%emt 00:00:03]} e5 {[%clk 01:15:54]} {[%emt
00:00:06]} 2. f4 {[%clk 01:16:22]} {[%emt 00:00:05]} exf4 {[%clk 01:16:14]}
{[%emt 00:00:09]} 3. Nf3 {[%clk 01:16:43]} {[%emt 00:00:09]} g5 {[%clk
01:16:32]} {[%emt 00:00:12]} 4. Nc3 {[%clk 01:16:59]} {[%emt 00:00:15]} Bb4
{[%clk 01:16:28]} {[%emt 00:00:34]} 5. Bc4 {[%clk 01:16:22]} {[%emt 00:01:07]}
g4 {[%clk 01:16:46]} {[%emt 00:00:12]} 6. O-O {[%clk 01:09:54]} {[%emt
00:06:58]} gxf3 {[%clk 01:17:01]} {[%emt 00:00:14]} 7. Qxf3 {[%clk 01:10:10]}
{[%emt 00:00:14]} Bxc3 {[%clk 01:16:53]} {[%emt 00:00:39]} 8. dxc3 {[%clk
01:09:12]} {[%emt 00:01:28]} Nf6 {[%clk 01:17:01]} {[%emt 00:00:20]} 9. Bxf4
{[%clk 01:08:30]} {[%emt 00:01:14]} d6 {[%clk 01:16:58]} {[%emt 00:00:32]} 10.
Bg5 {[%clk 01:05:53]} {[%emt 00:03:08]} Nbd7 {[%clk 01:15:33]} {[%emt
00:01:55]} 11. Bxf6 {[%clk 01:03:09]} {[%emt 00:03:14]} Nxf6 {[%clk 01:15:41]}
{[%emt 00:00:22]} 12. Qxf6 {[%clk 01:03:27]} {[%emt 00:00:11]} Qxf6 {[%clk
01:15:32]} {[%emt 00:00:40]} 13. Rxf6 {[%clk 01:03:44]} {[%emt 00:00:12]} Rf8
{[%clk 01:15:19]} {[%emt 00:00:41]} 14. Raf1 {[%clk 01:03:29]} {[%emt
00:00:47]} b6 {[%clk 01:05:59]} {[%emt 00:09:51]} 15. Rxf7 {[%clk 01:03:01]}
{[%emt 00:00:59]} Rxf7 {[%clk 01:05:16]} {[%emt 00:01:12]} 16. Rxf7 {[%clk
01:03:12]} {[%emt 00:00:19]} h5 {[%clk 01:04:44]} {[%emt 00:01:01]} 17. Rxc7
{[%emt 00:01:33]} Bg4 {[%clk 01:03:51]} {[%emt 00:00:05]} 18. Rh7 {[%clk
01:03:05]} {[%emt 00:00:53]} Rc8 {[%clk 01:03:04]} {[%emt 00:01:16]} 19. Bf7+
{[%clk 01:02:43]} {[%emt 00:00:51]} Kf8 {[%clk 01:02:29]} {[%emt 00:01:04]} 20.
Bxh5 {[%clk 01:02:52]} {[%emt 00:00:22]} Bxh5 {[%clk 01:01:51]} {[%emt
00:01:06]} 21. Rh8+ {[%clk 01:02:22]} {[%emt 00:01:03]} Ke7 {[%clk 01:01:32]}
{[%emt 00:00:48]} 22. Rxc8 {[%clk 01:02:35]} {[%emt 00:00:18]} Be8 {[%clk
00:59:10]} {[%emt 00:02:51]} 23. Kf2 {[%clk 01:02:28]} {[%emt 00:00:37]} a6
{[%clk 00:59:02]} {[%emt 00:00:38]} 24. h4 {[%clk 01:02:32]} {[%emt 00:00:25]}
Kf6 {[%clk 00:59:18]} {[%emt 00:00:14]} 25. Rxe8 {[%clk 01:02:53]} {[%emt
00:00:10]} Kg6 {[%clk 00:59:36]} {[%emt 00:00:12]} 26. h5+ {[%clk 01:03:10]}
{[%emt 00:00:14]} Kxh5 {[%clk 00:59:57]} {[%emt 00:00:09]} 27. Rg8 {[%clk
01:03:26]} {[%emt 00:00:14]} Kh6 {[%clk 01:00:13]} {[%emt 00:00:14]} 28. Kf3
{[%clk 01:03:50]} {[%emt 00:00:07]} Kh7 {[%clk 01:00:36]} {[%emt 00:00:07]} 29.
Rg3 {[%clk 01:04:13]} {[%emt 00:00:07]} Kh6 {[%clk 01:00:57]} {[%emt 00:00:07]}
30. Kf4 {[%clk 01:04:40]} {[%emt 00:00:05]} Kh5 {[%clk 01:01:09]} {[%emt
00:00:16]} 31. Kf5 {[%clk 01:04:44]} {[%emt 00:00:27]} Kh6 {[%clk 01:01:27]}
{[%emt 00:00:11]} 32. Rg5 {[%clk 01:04:32]} {[%emt 00:00:43]} Kh7 {[%clk
01:01:47]} {[%emt 00:00:08]} 33. Kf6 {[%clk 01:04:56]} {[%emt 00:00:07]} Kh8
{[%clk 01:02:11]} {[%emt 00:00:06]} 34. Kf7 {[%clk 01:05:16]} {[%emt 00:00:10]}
Kh7 {[%clk 01:02:35]} {[%emt 00:00:04]} 35. Rh5 {[%clk 01:05:39]} {[%emt
00:00:09]} 1-0